Countries Without the Letter A in 1982 - Statistics

General Stats
  • This quiz has been taken 26 times
    11 since last reset
  • The average score is 17 of 29
Answer Stats
Answer % Correct
Mexico
89%
Egypt
78%
Liechtenstein
78%
Morocco
78%
Peru
78%
Philippines
78%
Sweden
78%
Turkey
78%
Belgium
67%
Belize
67%
Benin
67%
Chile
67%
Congo
67%
Djibouti
67%
Greece
67%
Lesotho
67%
Togo
67%
Burundi
56%
Comoros
56%
Fiji
56%
Seychelles
56%
United Kingdom
56%
Cyprus
44%
Luxembourg
44%
Niger
44%
Soviet Union
44%
Côte d'Ivoire
22%
South Yemen
11%
North Yemen
0%
No matching quizzes found
Score Distribution
Percent of People with Each Score
Percentile by Number Answered
Your Score History
You have not taken this quiz since the last reset